| Tag |
First Indicator |
Second Indicator |
Subfields |
| LEADER |
00000cam a2200000 4500 |
| 001 |
in00000055751 |
| 005 |
20151008052310.0 |
| 008 |
740918s1951 nyu 00000 eng u |
| 010 |
|
|
|a 52006680
|
| 035 |
|
|
|a (OCoLC)01014700
|
| 035 |
|
|
|9 AAH2694AM
|
| 040 |
|
|
|c ITD
|d TXA
|d UtOrBLW
|
| 049 |
|
|
|a TXAM
|c [220916]
|
| 050 |
0 |
0 |
|a LC4601
|b .L63
|
| 082 |
0 |
|
|a 371.922
|
| 092 |
|
|
|a 371.92
|b L827r
|
| 100 |
1 |
|
|a Loewy, Herta.
|
| 245 |
1 |
4 |
|a The retarded child ;
|b a guide for parents and teachers.
|
| 264 |
|
1 |
|a New York :
|b Philosophical Library,
|c [1951]
|
| 300 |
|
|
|a 160 pages ;
|c 22 cm.
|
| 336 |
|
|
|a text
|b txt
|2 rdacontent
|
| 337 |
|
|
|a unmediated
|b n
|2 rdamedia
|
| 338 |
|
|
|a volume
|b nc
|2 rdacarrier
|
| 650 |
|
0 |
|a Children with disabilities.
|
| 999 |
|
|
|a MARS
|
| 999 |
f |
f |
|s e4028f0c-acf3-3d65-96b4-37ded35deccc
|i cec3b4be-9390-3126-b4c1-bfbdf41e8bae
|t 0
|
| 952 |
f |
f |
|p normal
|a Texas A&M University
|b College Station
|c Sterling C. Evans Library
|d Evans: Library Stacks
|t 0
|e LC4601 .L63
|h Library of Congress classification
|i unmediated -- volume
|m A14800847116
|
| 998 |
f |
f |
|a LC4601 .L63
|t 0
|l Evans: Library Stacks
|